|
|
|
|
| LEADER |
01872cas a2200241 a 4500 |
| 001 |
AALejournalIMF009162 |
| 008 |
230101c9999 xx r poo 0 0eng d |
| 020 |
|
|
|c 5.00 USD
|
| 020 |
|
|
|z 9781451809176
|
| 022 |
|
|
|a 1934-7685
|
| 040 |
|
|
|a BD-DhAAL
|c BD-DhAAL
|
| 110 |
2 |
|
|a International Monetary Fund.
|
| 245 |
1 |
0 |
|a Union of the Comoros :
|b 2006 Article IV Consultation and Fourth Staff Review and Extension of the Staff-Monitored Program; Staff Report; Staff Supplement; Public Information Notice on the Executive Board Discussion; and Statement by the Executive Director for the Union of the Comoros.
|
| 264 |
|
1 |
|a Washington, D.C. :
|b International Monetary Fund,
|c 2006.
|
| 300 |
|
|
|a 1 online resource (67 pages)
|
| 490 |
1 |
|
|a IMF Staff Country Reports
|
| 500 |
|
|
|a <strong>Off-Campus Access:</strong> No User ID or Password Required
|
| 500 |
|
|
|a <strong>On-Campus Access:</strong> No User ID or Password Required
|
| 506 |
|
|
|a Electronic access restricted to authorized BRAC University faculty, staff and students
|
| 520 |
3 |
|
|a Comoros faces significant economic and political challenges. The fiscal priorities are to restore revenues and curtail spending so that domestic arrears can be reduced and the program brought back on track. Clearing external arrears is a key hurdle to debt sustainability. Improvements to the investment climate are critical for attracting foreign direct investment. Financial sector development is needed to support private sector growth and economic diversification. If implemented successfully, the government's policies could be the basis for a Poverty Reduction and Growth Facility arrangement.
|
| 538 |
|
|
|a Mode of access: Internet
|
| 830 |
|
0 |
|a IMF Staff Country Reports; Country Report ;
|v No. 2006/383
|
| 856 |
4 |
0 |
|z Full text available on IMF
|u http://elibrary.imf.org/view/journals/002/2006/383/002.2006.issue-383-en.xml
|z IMF e-Library
|